<?xml version="1.0" encoding="UTF-8"?>
<record
    xmlns:xsi="http://www.w3.org/2001/XMLSchema-instance"
    xsi:schemaLocation="http://www.loc.gov/MARC21/slim http://www.loc.gov/standards/marcxml/schema/MARC21slim.xsd"
    xmlns="http://www.loc.gov/MARC21/slim">

  <leader>01079na  a2200325   4500</leader>
  <controlfield tag="001">20500</controlfield>
  <controlfield tag="003">MIRAKIL</controlfield>
  <controlfield tag="005">20181213155251.0</controlfield>
  <controlfield tag="008">170123b        tu            000 0      </controlfield>
  <datafield tag="020" ind1=" " ind2=" ">
    <subfield code="a">9786053990123</subfield>
  </datafield>
  <datafield tag="035" ind1=" " ind2=" ">
    <subfield code="a">20500</subfield>
  </datafield>
  <datafield tag="040" ind1=" " ind2=" ">
    <subfield code="a">Milas</subfield>
    <subfield code="b">tur</subfield>
    <subfield code="c">TR-AnCHP</subfield>
  </datafield>
  <datafield tag="041" ind1=" " ind2=" ">
    <subfield code="a">tur</subfield>
  </datafield>
  <datafield tag="082" ind1=" " ind2=" ">
    <subfield code="a">303.483</subfield>
    <subfield code="b">C27e 2007</subfield>
  </datafield>
  <datafield tag="090" ind1=" " ind2=" ">
    <subfield code="a">303.483 C27e 2007</subfield>
  </datafield>
  <datafield tag="100" ind1=" " ind2=" ">
    <subfield code="a">Castells, Manuel</subfield>
  </datafield>
  <datafield tag="245" ind1=" " ind2=" ">
    <subfield code="a">Enformasyon &#xE7;a&#x11F;&#x131;: ekonomi, toplum ve k&#xFC;lt&#xFC;r</subfield>
    <subfield code="b">biny&#x131;l&#x131;n sonu</subfield>
    <subfield code="c">Manuel Castells ; &#xE7;eviri Ebru K&#x131;l&#x131;&#xE7;; yay&#x131;na haz&#x131;rlayan Asl&#x131; Telli</subfield>
  </datafield>
  <datafield tag="260" ind1=" " ind2=" ">
    <subfield code="a">&#x130;stanbul</subfield>
    <subfield code="b">&#x130;stanbul Bilgi &#xDC;niversitesi Yay&#x131;nlar&#x131;</subfield>
    <subfield code="c">2007</subfield>
  </datafield>
  <datafield tag="300" ind1=" " ind2=" ">
    <subfield code="a">vii, 571 s.</subfield>
    <subfield code="b">res.</subfield>
    <subfield code="c">23 sm.</subfield>
  </datafield>
  <datafield tag="440" ind1=" " ind2=" ">
    <subfield code="a">&#x130;stanbul Bilgi &#xDC;niversitesi yay&#x131;nlar&#x131;</subfield>
    <subfield code="v">190</subfield>
  </datafield>
  <datafield tag="490" ind1=" " ind2=" ">
    <subfield code="a">Bilgi ve Toplum</subfield>
    <subfield code="v">4</subfield>
  </datafield>
  <datafield tag="500" ind1=" " ind2=" ">
    <subfield code="a">K&#xFC;t&#xFC;phanemizde 3. cilt bulunmaktad&#x131;r.</subfield>
  </datafield>
  <datafield tag="504" ind1=" " ind2=" ">
    <subfield code="a">Kaynak&#xE7;a ve dizin var.</subfield>
  </datafield>
  <datafield tag="650" ind1=" " ind2=" ">
    <subfield code="a">Toplumsal de&#x11F;i&#x15F;im</subfield>
    <subfield code="x">K&#xFC;lt&#xFC;r</subfield>
  </datafield>
  <datafield tag="650" ind1=" " ind2=" ">
    <subfield code="a">Toplumsal de&#x11F;i&#x15F;im</subfield>
    <subfield code="x">Ekonomi</subfield>
  </datafield>
  <datafield tag="650" ind1=" " ind2=" ">
    <subfield code="a">Toplumsal de&#x11F;i&#x15F;im</subfield>
    <subfield code="x">Bilgi toplumu</subfield>
  </datafield>
  <datafield tag="700" ind1=" " ind2=" ">
    <subfield code="a">Telli, Asl&#x131;</subfield>
  </datafield>
  <datafield tag="700" ind1=" " ind2=" ">
    <subfield code="a">K&#x131;l&#x131;&#xE7;, Ebru</subfield>
  </datafield>
  <datafield tag="942" ind1=" " ind2=" ">
    <subfield code="2">ddc</subfield>
    <subfield code="c">BKS</subfield>
  </datafield>
  <datafield tag="952" ind1=" " ind2=" ">
    <subfield code="a">0001</subfield>
    <subfield code="b">0001</subfield>
    <subfield code="d">2017-01-23</subfield>
    <subfield code="e">2</subfield>
    <subfield code="l">0</subfield>
    <subfield code="o">303.483 C27e 2007</subfield>
    <subfield code="p">012584</subfield>
    <subfield code="r">2017-01-23 00:00:00</subfield>
    <subfield code="v">0.00</subfield>
    <subfield code="w">2017-01-23</subfield>
    <subfield code="y">BKS</subfield>
  </datafield>
  <datafield tag="999" ind1=" " ind2=" ">
    <subfield code="c">9562</subfield>
    <subfield code="d">9562</subfield>
  </datafield>
</record>
